000 00542nam a2200193Ia 4500
005 20260429112045.0
008 260429s9999||||xx |||||||||||||| ||und||
020 _a9788119105755
041 _aEnglish
082 _a571.2
_bVIN
100 _aVines, Sydney Howard
245 0 _aHandbook of the plant physiology /
_cSydney Howard Vines
250 _a1st ed.
260 _aDelhi :
_bInternational Books and Periodical Supply Service,
_c2024.
300 _ax, 710 p.; hb
650 _a Botany
650 _aPlant physiology
942 _cTB
999 _c52122
_d52122